| 000 | 00556nam a2200229 a 4500 | ||
|---|---|---|---|
| 001 | nice12345678 | ||
| 003 | IN_TiNIC | ||
| 005 | 20260116012824.0 | ||
| 008 | 050524s1988 lona grp 000 0 eng | ||
| 020 |
_a0700761 _c474.5 |
||
| 082 | 0 | 0 |
_a297.1977 _bFER |
| 100 | _aFerdinand, Klaus | ||
| 245 |
_aIslam _b State and Society |
||
| 260 |
_aLondon _bCurzon Press _c1988 |
||
| 300 | _a219p | ||
| 500 | _aincludes index and biblioraphy | ||
| 505 | 2 | _aNotes | |
| 650 | _aIslam and Politics | ||
| 902 | _bSRC | ||
| 942 | _cBK | ||
| 999 |
_c8521 _d8521 |
||